| 000 | 00438nam a22001697a 4500 | ||
|---|---|---|---|
| 999 |
_c5158 _d5156 |
||
| 005 | 20210910101024.0 | ||
| 008 | 160702b xxu||||| |||| 00| 0 eng d | ||
| 020 | _a978-83-8-856-78-0 | ||
| 041 | _aeng | ||
| 082 |
_b20907 _a006.76 |
||
| 100 |
_aGhosh, Soumadip _94140 |
||
| 245 | _aWeb technology with Advanced Java | ||
| 260 |
_bUniversity Science press _c2014 |
||
| 300 | _a714 | ||
| 650 |
_aInformation Technolocy _93446 |
||
| 942 | _cBK | ||